| 000 | 00671nam a2200253Ia 4500 | ||
|---|---|---|---|
| 003 | OSt | ||
| 005 | 20220918193726.0 | ||
| 006 | a|||||r|||| 00| 0 | ||
| 007 | ta | ||
| 008 | 220917b |||||||| |||| 00| 0 eng d | ||
| 024 | _a75,038 | ||
| 037 | _cTextual | ||
| 040 |
_aARTS _cARTS _beng |
||
| 041 |
_2eng _aeng |
||
| 082 | _aR66x1:g(Q), M7 | ||
| 100 | _aMasih Y | ||
| 245 | 0 | _aSankara's universal philosophy of religion | |
| 260 |
_aDelhi _bMunshiram Manoharlal _c1987 |
||
| 300 |
_aviii,163p. _ccm. |
||
| 500 | _aBib 157-59p | ||
| 650 |
_aADVAITA PHILOSOPHY _9790 |
||
| 942 |
_hR66x1:g(Q), M7 _cTEXL _2CC |
||
| 999 |
_c200137 _d200137 |
||